000 00641cam a2200181 a 4500
020 _a066422783X (U.S. ed.)
020 _a0281052999 (U.K. ed.)
041 _aENG
082 0 0 _a226.3
_bWRI
100 1 _aWright, N. T.
245 1 0 _aMark for everyone
250 _a2nd ed.
260 _aLondon :
_bSPCK ;
_aLouisville, KY :
_bWestminster John Knox Press,
_cc2004.
300 _axi, 243 p. :
_bmap ;
500 _a"This second edition copublished in 2004 by the Society for Promoting Christian Knowledge, London, and Westminster John Knox Press, Louisville, KY."--T.p. verso.
650 _aBible.--Mark
_aBible.--New Testament
942 _cBK
999 _c22867
_d22867